Loading...
| Fine Arts - Painting and Sculpture | 0 | 3 | 0 | 0 | 30 | 68 | 101.00 | 0 | 0 | 5.29 | 11.36 |
| History - American | 0 | 3 | 0 | 0 | 30 | 44 | 82.00 | 1 | 1 | 9.56 | 19.32 |
| History - European | 0 | 3 | 1 | 2 | 25 | 94 | 110.00 | 0 | 0 | 2.55 | 7.95 |
| Social Science | 0 | 2 | 0 | 0 | 20 | 60 | 85.00 | 0 | 1 | 3.95 | 9.09 |
| Science - Physics | 0 | 2 | 0 | 1 | 20 | 13 | 69.50 | 0 | 1 | 8.08 | 9.09 |
| Science - Biology | 0 | 2 | 0 | 1 | 20 | 82 | 98.00 | 0 | 0 | 2.61 | 6.82 |
| History - World | 0 | 2 | 1 | 1 | 15 | 101 | 113.50 | 0 | 1 | 3.08 | 7.95 |
| History - Other | 0 | 1 | 0 | 0 | 10 | 121 | 121.00 | 0 | 0 | 0.22 | 3.41 |
| Current Events | 0 | 1 | 0 | 0 | 10 | 13 | 13.00 | 1 | 1 | 44.92 | 50.00 |
| Other Academic | 0 | 1 | 0 | 0 | 10 | 48 | 48.00 | 1 | 1 | 19.66 | 33.33 |
| Religion | 0 | 1 | 0 | 0 | 10 | 98 | 98.00 | 0 | 1 | 0.92 | 6.82 |
| Geography | 0 | 1 | 0 | 1 | 10 | 124 | 124.00 | 0 | 0 | 0.00 | 4.17 |
| Fine Arts - Other | 0 | 1 | 0 | 0 | 10 | 130 | 130.00 | 0 | 0 | 1.00 | 1.14 |
| Science - Chemistry | 0 | 1 | 1 | 0 | 5 | 111 | 111.00 | 0 | 0 | 0.82 | 3.41 |
| Fine Arts - Classical Music | 0 | 0 | 0 | 0 | 0 | 0.00 | 0 | 0 | 0.00 | 0.00 | |
| Science - Other | 0 | 0 | 1 | 0 | -5 | 0.00 | 0 | 0 | 0.00 | 0.00 |